Countries Mentioned in International Love by Pitbull - Statistics

General Stats
  • This quiz has been taken 131 times
  • The average score is 5 of 8
Answer Stats
Countries % Correct
Brazil
90%
Colombia
70%
Cuba
68%
Venezuela
62%
Dominican Republic
52%
Greece
46%
Romania
39%
Lebanon
38%
No matching quizzes found
Score Distribution
Percent of People with Each Score
Percentile by Number Answered
Your Score History
You have not taken this quiz